Estudios sobre la diversidad y la globalización (Registro nro. 50282)
[ vista simple ]
| 000 -LEADER | |
|---|---|
| fixed length control field | 02257nam a22002537a 4500 |
| 003 - CONTROL NUMBER IDENTIFIER | |
| control field | CO-CtgCURN |
| 005 - DATE AND TIME OF LATEST TRANSACTION | |
| control field | 20260203214111.0 |
| 008 - FIXED-LENGTH DATA ELEMENTS--GENERAL INFORMATION | |
| fixed length control field | 260203b |||||||| |||| 00| 0 eng d |
| 020 ## - INTERNATIONAL STANDARD BOOK NUMBER | |
| International Standard Book Number | 978-84-1369-300-2 |
| 040 ## - CATALOGING SOURCE | |
| Original cataloging agency | Co-CtgCURN |
| Language of cataloging | spa |
| Transcribing agency | coctgcurn |
| 082 ## - DEWEY DECIMAL CLASSIFICATION NUMBER | |
| Classification number | 807.2 |
| Item number | U16 |
| 100 ## - MAIN ENTRY--PERSONAL NAME | |
| Personal name | Úcar Ventura, Pilar |
| 245 ## - TITLE STATEMENT | |
| Title | Estudios sobre la diversidad y la globalización |
| Remainder of title | Imbricaciones culturales y traductivas |
| Statement of responsibility, etc. | Pilar Úcar Ventura (coord.) |
| 260 ## - PUBLICATION, DISTRIBUTION, ETC. | |
| Place of publication, distribution, etc. | Granada |
| Name of publisher, distributor, etc. | Comares |
| Date of publication, distribution, etc. | 2021 |
| 300 ## - PHYSICAL DESCRIPTION | |
| Extent | 606 páginas |
| 490 ## - SERIES STATEMENT | |
| Series statement | Interlingua |
| Volume/sequential designation | 290 |
| 520 ## - SUMMARY, ETC. | |
| Summary, etc. | Recopilación de propuestas y proyectos fruto de investigaciones y experiencias metodológicas desde diferentes puntos de vista. Literatura, Lengua y Traducción o LILETRAD un acrónimo con mucha historia y mucho trabajo. Siempre salvaguardando la esencia de nuestro quehacer académico en aras de una mejor sociedad. Una amplitud temática que aborda cuestiones muy vigentes acerca de corpus terminológicos, especificidades literarias y lingüísticas, análisis de la ficción y de la realidad en textos y contextos, entremezclados en un perfecto maridaje a través de la cultura hecha poesía, novela, relatos. Capítulos en español, inglés, francés, italiano y alemán, descubrimos textos literarios y competencias educativas, retórica y simbolismo, mitos y femineidad, fonética, teatro, poesía y cine; morfosintaxis, novelas de suspense, filosóficas e históricas, refranes y manuales, métodos didácticos y multiculturalismo en los textos literarios, en los cómics, así como lenguaje dedicado al turismo y a la empresa, a la abstracción y conceptualización de cuentos y películas de actualidad.<br/>Una panorámica actual a modo de prisma poliédrico de las características que definen nuestra profesión |
| 650 ## - SUBJECT ADDED ENTRY--TOPICAL TERM | |
| Topical term or geographic name entry element | Literatura |
| Form subdivision | Estudio y enseñanza |
| General subdivision | Congresos |
| 650 ## - SUBJECT ADDED ENTRY--TOPICAL TERM | |
| Topical term or geographic name entry element | Traducción e interpretación |
| Form subdivision | Estudio y enseñanza |
| General subdivision | Congresos |
| 650 ## - SUBJECT ADDED ENTRY--TOPICAL TERM | |
| Topical term or geographic name entry element | Linguística aplicada |
| Form subdivision | Estudio y enseñanza |
| General subdivision | Congresos |
| 650 ## - SUBJECT ADDED ENTRY--TOPICAL TERM | |
| Topical term or geographic name entry element | Literatura comparada |
| General subdivision | Congresos |
| 856 ## - ELECTRONIC LOCATION AND ACCESS | |
| Uniform Resource Identifier | <a href="https://unicurn.sharepoint.com/:b:/s/biblioteca/IQAjpu2kBvUBTql4ggN6DctqAdoCwVudiKbR6JettwRCkyE?e=3LWtdd">https://unicurn.sharepoint.com/:b:/s/biblioteca/IQAjpu2kBvUBTql4ggN6DctqAdoCwVudiKbR6JettwRCkyE?e=3LWtdd</a> |
| Public note | Clic aqui para ver el texto completo |
| 942 ## - ADDED ENTRY ELEMENTS (KOHA) | |
| Source of classification or shelving scheme | Dewey Decimal Classification |
| Koha item type | Libros electrónicos |
| Classification part | 807.2 |
| Item part | U16 |
| Suppress in OPAC | No |
No hay ítems disponibles.